The Palace of Whitehall (Record no. 116410)

MARC details
000 -LEADER
fixed length control field 00696ckm a22002175a 4500
001 - CONTROL NUMBER
control field L140659
008 - FIXED-LENGTH DATA ELEMENTS--GENERAL INFORMATION
fixed length control field 071003s1909 xxk eng u
035 ## - SYSTEM CONTROL NUMBER
System control number (Sirsi) u140659
041 0# - LANGUAGE CODE
Language code of text/sound track or separate title eng
110 2# - MAIN ENTRY--CORPORATE NAME
Corporate name or jurisdiction name as entry element London Topographical Society
9 (RLIN) 106
245 04 - TITLE STATEMENT
Title The Palace of Whitehall
Medium [graphic]
250 ## - EDITION STATEMENT
Edition statement Facsim.
260 ## - PUBLICATION, DISTRIBUTION, ETC.
Place of publication, distribution, etc. London
Name of publisher, distributor, etc. London Topographical Society
Date of publication, distribution, etc. 1909
300 ## - PHYSICAL DESCRIPTION
Extent 1 sheet
Dimensions 61 x 89 cm.
351 ## - ORGANIZATION AND ARRANGEMENT OF MATERIALS
Hierarchical level Single item
500 ## - GENERAL NOTE
General note Reproduction of a picture at Windsor Castle showing Charles II witnessing the Lord Mayor's procession to Westminster on 29 October 1683.
500 ## - GENERAL NOTE
General note Emery Walker Ph. sc.
651 4# - SUBJECT ADDED ENTRY--GEOGRAPHIC NAME
Geographic name London
690 ## - LOCAL SUBJECT ADDED ENTRY--TOPICAL TERM (OCLC, RLIN)
Topical term or geographic name as entry element BUILT ENVIRONMENT
942 ## - ADDED ENTRY ELEMENTS (KOHA)
Suppress in OPAC 0
Holdings
Withdrawn status Lost status Source of classification or shelving scheme Damaged status Not for loan Home library Current library Shelving location Date acquired Total Checkouts Full call number Barcode Date last seen Copy number Price effective from Koha item type
    Dewey Decimal Classification     Historic collection Historic collection Historic collection 03/10/2007   MAP CABINET DRAWER 8 140659-2001 06/08/2019 1 06/08/2019 Archive